01671nam a2200385 a 4500001001000000003000500010005001700015008004100032010001100073011001100084040000900095090001000104100004200114245018200156260004100338500006000379502007700439590004100516590004000557590004000597590004000637590004000677650003200717650004500749650002600794650003600820650004100856856007000897901000700967942001000974942000600984999001900990952014001009952013601149000111196CHAP20220329144202.0150115s2014 mx a fsm |||||||spa d a107658 a108630 cCHAP aTesis1 aTapia García, Thalia Ximena912901210aPropuesta de producción integralh[En línea]bagrícola, pecuaria y acuícola para desarrollo sustentable en Soledad Atzompa, Veracruz /cpor Thalia Ximena Tapia García. aChapingo, Méx. :bEl autor,c2014. aPara ver el contenido del material haga clic en la liga aTesis (Ing. Agr. Esp. en Fitotecnia) -- UACH. Departamento de Fitotecnia aE11695DGDb10c20150123lUCH01h1042 aE5995AHEb05c20150115lUCH01h1451 aE5995AHEb05c20150115lUCH01h1451 aE5995AHEb05c20150121lUCH01h0835 aE5995AHEb05c20150121lUCH01h083814aAcuiculturazVeracruz.979514aDesarrollo sustentablexVeracruz.93209314aEnergéticos.93687914aEnergía y agricultura.93691514aRecursos naturalesxVeracruz.995323 aFinding aiduhttp://10.13.5.2/tesis/sist111196.pdfzTeclea aquí aBK cTESIS n0 c107658d107658 00102local4053708TESISaBCbBCcPA_TESISd2015-01-15fTESISl0oTesisp33724002442330r2019-12-31 00:00:00tc.2w2019-12-31yTESIS 00104054718TESISaBCbBCd2015-01-15fTESISl0oTesisp33724002442371r2019-12-31 00:00:00w2019-12-31yTESISzRecien adquirido